Name Every Survivor AU Player - Statistics

General Stats
  • This quiz has been taken 698 times
    90 since last reset
  • The average score is 131 of 208
Answer Stats
Hint Answer % Correct
2016 Brooke Jowett
97%
2016 Lee Carseldine
95%
2017 Mark Wales
95%
TvR Mark Warnock
95%
2016 Felicity "Flick" Egginton
92%
BvB Felicity "Flick" Palmateer
92%
2017 Jericho Malabonga
92%
2017 Luke Toki
92%
CvC 1 Mat Rogers
92%
CvC 2 Shaun Hampson
92%
2016 El Rowland
90%
2016 Kristie Bennett
90%
CvC 2 Pia Miranda
90%
CvC 1 Sam Hinton
90%
CvC 2 Sam Schoers
90%
2016 Sam Webb
90%
2017 Aaron "AK" Knight
87%
CvC 2 Harry Hills
87%
2016 Phoebe Timmins
87%
CvC 1 Sharn Coombes
87%
CvC 1 Shonee Fairfax
87%
CvC 2 David Genat
85%
BvW David Goodchild
85%
HvV David Zaharakis
85%
2016 Kat Dumont
85%
2016 Kate Campbell
85%
BvB 2 Kate Gloufchis
85%
BvW Kate Tatham
85%
2017 Kate Temby
85%
CvC 1 Matt Dyson
85%
CvC 2 Matt Farrelly
85%
HvV Matt Sharp
85%
2016 Matt Tarrant
85%
2016 Nick Iadanza
85%
2017 Peter Conte
85%
2016 Peter Flegehen
85%
BvB 2 Ben Bylett
82%
2017 Ben Morgan
82%
BvW Ben Watson
82%
BvB George Mladenov
82%
AvW Rob Bentele
82%
CvC 1 Shane Gould
82%
CvC 2 Simon Black
82%
BvB Simon Mee
82%
CvC 2 Andrew "ET" Ettinghausen
79%
2016 Andrew Torrens
79%
BvB Andrew Ucles
79%
2016 Des Quilty
79%
CvC 1 Jenna Austin
79%
AvW Parvati Shallow
79%
BvB Baden Cooke
77%
CvC 2 Baden Gilbert
77%
AvW Cirie Fields
77%
BvB Hayley Leake
77%
CvC 2 Janine Allis
77%
CvC 2 Laura Choong
77%
BvB 2 Laura Darras
77%
BvB Laura Wells
77%
2017 Locklan "Locky" Gilbert
77%
CvC 2 Sarah Ayles
77%
HvV Sarah Marschke
77%
TvR Sarah Moore
77%
2017 Sarah Tilleke
77%
2017 Tara Pitt
77%
CvC 1 Tegan Gasior
77%
2016 Tegan Haining
77%
AvW Tony Vlachos
77%
CvC 2 Abbey Holmes
74%
BvW Alanna "Nina" Twine
74%
CvC 1 Brian Lake
74%
2016 Conner Bethune
74%
HvV Elizaveta "Liz" Parnov
74%
AvW Lisa Holmes
74%
CvC 1 Moana Hope
74%
CvC 1 Steve Khouw
74%
CvC 1 Steve Willis
74%
TvR Feras Basal
72%
2016 Jennah-Louise Salkeld
72%
BvW Jordie Hansen
72%
2017 Mark "Tarzan" Herlaar
72%
BvW Michelle Chiang
72%
2017 Michelle Duggan
72%
2016 Sue Clarke
72%
AvW Tommi Manninen
72%
CvC 2 Andy Meldrum
69%
BvB Dani Beale
69%
BvB 2 Jesse Noonan
69%
CvC 2 John Eastoe
69%
CvC 1 Russell Hantz
69%
2017 Samantha Gash
69%
BvW Sandra Diaz-Twine
69%
BvB 2 Alexander "AJ" Antonios
67%
CvC 1 Benji Wilson
67%
2016 Craig I'Anson
67%
CvC 2 Daisy Richardson
67%
CvC 1 Fenella McGowan
67%
2017 Henry Nicholson
67%
BvW Jesse Hansen
67%
TvR Kirby Bentley
67%
CvC 1 Monika Radulovic
67%
2017 Nicola "Ziggy" Zagame
67%
CvC 1 Robbie Skibicki
67%
2017 Tessa O'Halloran
67%
TvR Caroline Courtis
64%
BvW Chrissy Zaremba
64%
CvC 1 Jackie Glazier
64%
BvW Josh Millgate
64%
2016 Kylie Evans
64%
BvB 2 Myles Kuah
64%
2016 Rohan MacLaren
64%
BvB Wai Chim
64%
CvC 1 Zach Kozyrski
64%
2017 Adam Parkin
62%
2016 Barry Lea
62%
2017 Jacqui Patterson
62%
2017 Jarrad Seng
62%
BvW Jordan Schmidt
62%
CvC 1 Lydia Lassila
62%
TvR Valeria Sizova
62%
TvR Alex Coe
59%
BvW Alex Frost
59%
2016 Bianca Anderson
59%
2016 Evan Jones
59%
HvV Gerry Geltch
59%
2017 Joan Caballero
59%
BvB 2 Kent Miller-Randle
59%
2017 Kent Nelson
59%
BvW Shayelle "Shay" Lajoie
59%
CvC 2 Steven Bradbury
59%
2017 Aimee Stanton
56%
BvW Amy Ong
56%
2017 Anneliese Wilson
56%
BvB Cara Atchison
56%
HvV Paige Donald
56%
CvC 1 Paige Kerin
56%
TvR Raymond Chaney
56%
BvB Kerryn "Kez" McGee
54%
2017 Odette Blacklock
54%
BvB Chelsea Hackett
51%
BvB Daini "Big D" Tuiqere
51%
BvB Emmett Pugh
51%
CvC 1 Heath Davies
51%
BvW Khanh Ong
51%
TvR Kitty Blomfield
51%
BvB 2 Logan Johannisen
51%
BvW Michael "Croc" Crocker
51%
CvC 2 Ross Clarke-Jones
51%
TvR Viola Jokudu
51%
CvC 2 Anastasia Woolmer
49%
AvW Kassandre Bastarache
49%
BvW Kate "KJ" Austin
49%
BvW Mel Chiang
49%
CvC 2 Nova Peris
49%
BvB 2 Zara Callianiotis
49%
CvC 1 Anita Berkett
46%
CvC 1 Damien Thomlinson
46%
TvR Jaden Laing
46%
BvW Jay Bruno
46%
BvB 2 Kaelan Lockhart
46%
BvB 2 Karin Gunatilake
46%
BvB 2 Laura Noonan
46%
BvB Shannon Lawson
46%
CvC 2 Susie Maroney
46%
TvR Aileen Chong
44%
BvW Briana Goodchild
44%
TvR Eden Porter
44%
HvV Fraser Lack
44%
BvB Gerald Youles
44%
HvV Mimi Tang
44%
BvB 2 Morgan Mitchell
44%
BvB 2 Nash Gendo
44%
TvR Rianna Bowley
44%
TvR Winna Bhun
44%
HvV Benjamin Law
41%
BvB Binyamin "Benny" Burdo
41%
BvB 2 Candice "Candy" Rule
41%
CvC 2 Hannah Pentreath
41%
BvB Janelle Durso
41%
HvV Joni "Rogue" Rubin
41%
TvR Kelli Harris
41%
HvV Michael Warren
41%
BvB Phil Ferguson
41%
HvV Anjali Rao
38%
CvC 2 Casey Hawkins
38%
BvB Georgia Ray
38%
BvB Joey McCann
38%
BvB 2 Kristin Alston
38%
BvB 2 Paulie Michael
38%
BvB Rachel Downie
38%
BvW Sophie Cachia
38%
TvR Jessica Danaher
36%
BvB Mitch Shaw
36%
BvB 2 Paul "PD" Dee
36%
TvR Tobias Grant
36%
BvB 2 Max Wills
33%
TvR Nathan Freeman
33%
BvB 2 Rich Hughes
33%
TvR Scott Butler
33%
BvB Gavin Wanganeen
31%
HvV Sharni Vinson
31%
BvB 2 Zen Heaton
31%
BvB 2 Ally Kettle
28%
TvR Charles Noonan
28%
TvR Frankie Guascione
28%
TvR Garrick Wildman
28%
BvB 2 Indy Saleh
28%
TvR Peta Bennett
28%
BvB 2 Ursula Rose
28%
No matching quizzes found
Score Distribution
Percent of People with Each Score
Percentile by Number Answered
Your Score History
You have not taken this quiz since the last reset